Statistics for U.S. General Knowledge #26

Click here to take the quiz!

General Stats

  • This quiz has been taken 18,718 times
    (10,569 since last reset)
  • The average score is 13 of 20

Answer Stats

QuestionAnswer% Correct
What TV show features a character named Squidward Q. Tentacles?SpongeBob SquarePants
91%
What are the two most populous cities in Tennessee?Nashville
90%
What government agency has its headquarters in Langley, Virginia?The CIA
84%
What are the two most populous cities in Tennessee?Memphis
81%
In Looney Tunes comics, who does Wile E. Coyote plot to capture?The Roadrunner
80%
Which two states are nearly rectangular when viewed on a Mercator projection map?Colorado
79%
What was referred to in the 1990s as the "Information Superhighway"?The Internet
79%
Which two states are nearly rectangular when viewed on a Mercator projection map?Wyoming
74%
What object is called a "pigskin" despite usually being made from cowhide?a Football
73%
What is the best-selling brand of peanut butter in the U.S.?Jif
71%
Complete the marketing tagline: "Maybe she's born with it. Maybe it's __________".Maybelline
64%
Who was author Toni Morrison talking about when she said "white skin
notwithstanding, this is our first black president"?
Bill Clinton
63%
Who won the first season of "American Idol"?Kelly Clarkson
62%
What TV show tells the story of advertising executive Don Draper?Mad Men
58%
What domestic terrorist managed to get his manifesto published
by the New York Times in 1995?
Ted Kaczynski
56%
What is the last name of siblings Donny and Marie?Osmond
54%
What does NIMBY stand for?Not in My Back Yard
50%
What family famously feuded against the McCoys in 1800s Appalachia?The Hatfields
49%
What corporation was founded in 1898 as the National Biscuit Company?Nabisco
47%
What were Meriwether and William better known as?Lewis and Clark
46%

Score Distribution

Percentile by Number Answered

Percent of People with Each Score

Your Score History

You have not taken this quiz since the last reset